Assessing microbial safety of drinking water improving approaches and methods

Uložené v:
Podrobná bibliografia
Médium: Kniha
Jazyk:English
Vydavateľské údaje: Paris OECD 2003
Predmet:
Tagy: Pridať tag
Žiadne tagy, Buďte prvý, kto otaguje tento záznam!

MARC

LEADER 00000nam a2200000 4500
001 c143150
005 20221124084705.2
020 |a 92-64-09946-8 
041 0 |a eng 
044 |a FR 
245 1 0 |a Assessing microbial safety of drinking water  |b improving approaches and methods 
264 1 |a Paris  |b OECD  |c 2003 
300 |a 295 s. 
610 2 0 |a voda pitná 
610 2 0 |a ochrana vody 
610 2 0 |a biológia 
610 2 0 |a prevencia 
610 2 0 |a bezpečnosť environmentálna 
610 2 0 |a prostredie životné 
610 2 0 |a politika environmentálna 
610 2 0 |a svet 
610 2 0 |a OECD